[Event "Monarch Assurance Isle of Man 12th"]
[Site "Port Erin IOM"]
[Date "2003.10.01"]
[Round "5.27"]
[White "Egeland, Marte"]
[Black "Mannion, Stephen"]
[Result "0-1"]
[WhiteElo "1990"]
[BlackElo "2339"]
[PlyCount "44"]
[EventDate "2003.09.27"]
[EventType "swiss"]
[EventRounds "9"]
[EventCountry "IOM"]
[SourceTitle "BritBase"]
[SourceDate "2008.07.14"]
[SourceVersion "1"]
[SourceVersionDate "2008.07.14"]
[SourceQuality "2"]

1. e4 e5 2. Nf3 Nc6 3. d4 exd4 4. Bc4 Bc5 5. c3 Nf6 6. e5 d5 7. Bb5 Ne4 8. cxd4
Bb6 9. O-O O-O 10. h3 f6 11. exf6 Qxf6 12. Be3 Bxh3 13. Bxc6 bxc6 14. Ne5 Bf5
15. Qa4 c5 16. Nc3 cxd4 17. Bxd4 c5 18. Nxe4 Bxe4 19. f3 cxd4 20. Nd7 d3+ 21.
Rf2 Bxf2+ 22. Kxf2 Qxb2+ 0-1

[Event "Monarch Assurance Isle of Man 12th"]
[Site "Port Erin IOM"]
[Date "2003.10.01"]
[Round "5.28"]
[White "Cooper, Lawrence"]
[Black "Braunlich, Tom"]
[Result "1-0"]
[WhiteElo "2335"]
[BlackElo "2135"]
[PlyCount "45"]
[EventDate "2003.09.27"]
[EventType "swiss"]
[EventRounds "9"]
[EventCountry "IOM"]
[SourceTitle "BritBase"]
[SourceDate "2008.07.14"]
[SourceVersion "1"]
[SourceVersionDate "2008.07.14"]
[SourceQuality "2"]

1. e4 c5 2. Nf3 e6 3. d4 cxd4 4. Nxd4 Nf6 5. Nc3 Nc6 6. Ndb5 Bb4 7. a3 Bxc3+ 8.
Nxc3 d5 9. exd5 exd5 10. Bd3 O-O 11. O-O h6 12. h3 d4 13. Ne2 Qd5 14. b4 Rd8
15. Bb2 a5 16. Qd2 Ne5 17. Nxd4 Bxh3 18. gxh3 Qxd4 19. Bxd4 Nf3+ 20. Kg2 Nxd2
21. Bxf6 Rxd3 22. cxd3 Nxf1 23. Bc3 1-0

[Event "Monarch Assurance Isle of Man 12th"]
[Site "Port Erin IOM"]
[Date "2003.10.01"]
[Round "5.29"]
[White "Dannevig, Oystein"]
[Black "Porat, Ido"]
[Result "1-0"]
[WhiteElo "2331"]
[BlackElo "2147"]
[PlyCount "75"]
[EventDate "2003.09.27"]
[EventType "swiss"]
[EventRounds "9"]
[EventCountry "IOM"]
[SourceTitle "BritBase"]
[SourceDate "2008.07.14"]
[SourceVersion "1"]
[SourceVersionDate "2008.07.14"]
[SourceQuality "2"]

1. e4 e5 2. Nf3 Nf6 3. Nxe5 d6 4. Nf3 Nxe4 5. d4 d5 6. Bd3 Nc6 7. O-O Be7 8. c4
Nb4 9. Be2 O-O 10. Nc3 Bf5 11. a3 Nxc3 12. bxc3 Nc6 13. Re1 Re8 14. cxd5 Qxd5
15. Bf4 Bd6 16. c4 Qe4 17. Be3 Rad8 18. Qb3 b6 19. Rad1 Na5 20. Qb5 c6 21. Qa6
Qe7 22. c5 Bc7 23. Bg5 f6 24. Bc4+ Nxc4 25. Rxe7 Rxe7 26. Qxc4+ Be6 27. Qe2
fxg5 28. Nxg5 Rde8 29. Re1 b5 30. Qe4 Ba5 31. Qxh7+ Kf8 32. Re3 Bg8 33. Qf5+
Bf7 34. g4 Bd2 35. Rxe7 Rxe7 36. Nxf7 Rxf7 37. Qc8+ Ke7 38. Qc7+ 1-0

[Event "Monarch Assurance Isle of Man 12th"]
[Site "Port Erin IOM"]
[Date "2003.10.01"]
[Round "5.30"]
[White "Molander, Riku"]
[Black "Stubberud, Ornulf"]
[Result "1-0"]
[WhiteElo "2324"]
[BlackElo "1965"]
[PlyCount "63"]
[EventDate "2003.09.27"]
[EventType "swiss"]
[EventRounds "9"]
[EventCountry "IOM"]
[SourceTitle "BritBase"]
[SourceDate "2008.07.14"]
[SourceVersion "1"]
[SourceVersionDate "2008.07.14"]
[SourceQuality "2"]

1. e4 c5 2. Nf3 e6 3. c3 Nf6 4. e5 Nd5 5. d4 cxd4 6. cxd4 d6 7. Bc4 Be7 8. O-O
O-O 9. exd6 Qxd6 10. Nc3 Nxc3 11. bxc3 Nc6 12. Re1 b6 13. Ng5 Bb7 14. Nxe6 Na5
15. Qg4 g6 16. Nxf8 Bxf8 17. Bf1 Bd5 18. Qh4 Qc6 19. Bh6 Bxh6 20. Qxh6 Qxc3 21.
Rad1 Qc6 22. Rd3 Qb7 23. Rh3 f6 24. Rhe3 Bf7 25. Re7 Qd5 26. R1e3 Nc6 27. Rc7
Nxd4 28. Rh3 Nf5 29. Qxh7+ Kf8 30. Qh8+ Bg8 31. Qxf6+ Ke8 32. Re3+ 1-0

[Event "Monarch Assurance Isle of Man 12th"]
[Site "Port Erin IOM"]
[Date "2003.10.01"]
[Round "5.31"]
[White "Horton, E Justin"]
[Black "Ryan, Joseph"]
[Result "0-1"]
[WhiteElo "2120"]
[BlackElo "2291"]
[PlyCount "98"]
[EventDate "2003.09.27"]
[EventType "swiss"]
[EventRounds "9"]
[EventCountry "IOM"]
[SourceTitle "BritBase"]
[SourceDate "2008.07.14"]
[SourceVersion "1"]
[SourceVersionDate "2008.07.14"]
[SourceQuality "2"]

1. d4 e6 2. c4 Nf6 3. Nf3 b6 4. g3 Bb7 5. Bg2 Bb4+ 6. Bd2 Be7 7. Nc3 c6 8. Qc2
d5 9. e4 Na6 10. e5 Nd7 11. O-O Nb4 12. Qb1 dxc4 13. Ne4 Nd5 14. Bg5 O-O 15.
Bxe7 Qxe7 16. Nd6 Ba6 17. Rc1 f5 18. Nd2 c5 19. N2xc4 cxd4 20. Nxf5 Rxf5 21.
Qxf5 exf5 22. Bxd5+ Kf8 23. Bxa8 Nxe5 24. Nxe5 Qxe5 25. Re1 Qd6 26. Rad1 d3 27.
Rd2 Qb4 28. Red1 g5 29. Bg2 g4 30. Bf1 Bb7 31. Rxd3 Qe4 32. f3 gxf3 33. Kf2 Qc6
34. Rd8+ Ke7 35. R8d7+ Ke6 36. R7d6+ Qxd6 37. Rxd6+ Kxd6 38. Bc4 Ke5 39. Bb3
Kd4 40. Bg8 h6 41. Bh7 Be4 42. Bg8 Kd3 43. a4 a5 44. h4 Kd4 45. b3 Kc3 46. h5
Kd4 47. Be6 Ke5 48. Bf7 Kf6 49. Bg6 Bd5 0-1

[Event "Monarch Assurance Isle of Man 12th"]
[Site "Port Erin IOM"]
[Date "2003.10.01"]
[Round "5.32"]
[White "Grant, Alan"]
[Black "McPhillips, Karl"]
[Result "1-0"]
[WhiteElo "2270"]
[BlackElo "1918"]
[PlyCount "87"]
[EventDate "2003.09.27"]
[EventType "swiss"]
[EventRounds "9"]
[EventCountry "IOM"]
[SourceTitle "BritBase"]
[SourceDate "2008.07.14"]
[SourceVersion "1"]
[SourceVersionDate "2008.07.14"]
[SourceQuality "2"]

1. c4 Nf6 2. g3 g6 3. Bg2 Bg7 4. Nc3 O-O 5. d3 d6 6. Bg5 c5 7. Nf3 Nc6 8. O-O
Rb8 9. Rb1 a6 10. a3 b5 11. cxb5 axb5 12. b4 cxb4 13. axb4 Nd7 14. Qd2 Nde5 15.
Nxe5 Nxe5 16. Rfc1 f6 17. Be3 Bb7 18. Ba7 Bxg2 19. Bxb8 Bh3 20. Ba7 Qa8 21.
Qa2+ Kh8 22. f3 Bh6 23. Rc2 Qb7 24. Bd4 Rc8 25. Qa7 Qc6 26. Qb6 Qd7 27. Be3 Qc6
28. Qd4 Bxe3+ 29. Qxe3 Ng4 30. Qd2 Qb6+ 31. d4 Ne5 32. Kh1 Nc4 33. Qd3 Qb7 34.
Ra1 d5 35. Kg1 e5 36. e4 dxe4 37. Nxe4 f5 38. Nf2 e4 39. Qd1 Ne3 40. Rxc8+ Qxc8
41. Qc1 Qxc1+ 42. Rxc1 Bg2 43. Rc3 Nd5 44. Rc8+ 1-0

[Event "Monarch Assurance Isle of Man 12th"]
[Site "Port Erin IOM"]
[Date "2003.10.01"]
[Round "5.33"]
[White "Walton, Alan J"]
[Black "Devereaux, Max"]
[Result "1/2-1/2"]
[WhiteElo "2158"]
[BlackElo "2329"]
[PlyCount "69"]
[EventDate "2003.09.27"]
[EventType "swiss"]
[EventRounds "9"]
[EventCountry "IOM"]
[SourceTitle "BritBase"]
[SourceDate "2008.07.14"]
[SourceVersion "1"]
[SourceVersionDate "2008.07.14"]
[SourceQuality "2"]

1. d4 Nf6 2. Bg5 e6 3. e4 h6 4. Bxf6 Qxf6 5. Nc3 Bb4 6. Qd2 c5 7. a3 cxd4 8.
axb4 dxc3 9. Qxc3 Qxc3+ 10. bxc3 d6 11. Nf3 Ke7 12. Bd3 Bd7 13. O-O Rc8 14. Ra3
a6 15. Rfa1 b6 16. Nd4 Ra7 17. Ne2 Rac7 18. Kf1 b5 19. f3 e5 20. Ke1 g6 21. Kd2
f5 22. Rg1 Rf8 23. Raa1 Bc8 24. Ng3 f4 25. Ne2 g5 26. g3 fxg3 27. Rxg3 Kd8 28.
h4 gxh4 29. Rg6 Rh7 30. Rxd6+ Kc7 31. Rd5 Nd7 32. c4 bxc4 33. Bxc4 Bb7 34. Rd3
Rf6 35. Rh1 1/2-1/2

[Event "Monarch Assurance Isle of Man 12th"]
[Site "Port Erin IOM"]
[Date "2003.10.01"]
[Round "5.34"]
[White "Thompson, Ian D"]
[Black "Adams, Phil"]
[Result "1-0"]
[WhiteElo "2290"]
[BlackElo "2115"]
[PlyCount "115"]
[EventDate "2003.09.27"]
[EventType "swiss"]
[EventRounds "9"]
[EventCountry "IOM"]
[SourceTitle "BritBase"]
[SourceDate "2008.07.14"]
[SourceVersion "1"]
[SourceVersionDate "2008.07.14"]
[SourceQuality "2"]

1. c4 Nf6 2. Nc3 e5 3. g3 Bb4 4. Bg2 O-O 5. Nf3 Re8 6. O-O e4 7. Nd4 Nc6 8. Nc2
Bxc3 9. dxc3 h6 10. Ne3 d6 11. Qc2 Ne5 12. h3 Be6 13. b3 Qd7 14. Kh2 Re7 15. f4
exf3 16. exf3 Qe8 17. f4 Nc6 18. Bd2 Qf8 19. Rae1 Rae8 20. g4 Bc8 21. Qd1 g6
22. g5 hxg5 23. fxg5 Nh7 24. h4 Ne5 25. Nd5 Ng4+ 26. Kg3 Rxe1 27. Rxe1 c6 28.
Nf4 Rxe1 29. Qxe1 Qd8 30. Nd3 Ne5 31. Nxe5 dxe5 32. Be3 Qa5 33. Qd2 Nf8 34. b4
Qc7 35. Bc5 Be6 36. Bd6 Qd8 37. c5 f6 38. b5 Nd7 39. gxf6 Nxf6 40. Qg5 Bf5 41.
bxc6 bxc6 42. Bxc6 Ne4+ 43. Bxe4 Qxg5+ 44. hxg5 Bxe4 45. Bxe5 Kf7 46. Bb8 a6
47. Kf4 Bb1 48. Ke5 Ke7 49. c6 Bxa2 50. Bc7 a5 51. Bxa5 Bb1 52. Kd5 Bf5 53. Kc5
Bc8 54. Kb6 Ke8 55. Kc7 Ba6 56. Kb8 Ke7 57. c7 Kd7 58. c4 1-0

[Event "Monarch Assurance Isle of Man 12th"]
[Site "Port Erin IOM"]
[Date "2003.10.01"]
[Round "5.35"]
[White "Allen, Keith"]
[Black "Fairbairn, Stephen"]
[Result "1-0"]
[WhiteElo "2224"]
[BlackElo "2096"]
[PlyCount "63"]
[EventDate "2003.09.27"]
[EventType "swiss"]
[EventRounds "9"]
[EventCountry "IOM"]
[SourceTitle "BritBase"]
[SourceDate "2008.07.14"]
[SourceVersion "1"]
[SourceVersionDate "2008.07.14"]
[SourceQuality "2"]

1. d4 Nf6 2. c4 g6 3. Nc3 d5 4. Nf3 Bg7 5. Bg5 Ne4 6. cxd5 Nxc3 7. bxc3 Qxd5 8.
e3 Qa5 9. Qb3 Be6 10. Bc4 Bxc4 11. Qxc4 Nd7 12. O-O e6 13. Rab1 Nb6 14. Qxc7
O-O 15. Qxb7 Qxc3 16. Rfc1 Qa5 17. Rc2 Nd5 18. h3 h6 19. Be7 Rfb8 20. Qxb8+
Rxb8 21. Rxb8+ Kh7 22. Bc5 Qc7 23. Rb1 g5 24. Rcb2 Kg6 25. Rb7 Qa5 26. Rxa7 Qc3
27. Rab7 h5 28. Bd6 g4 29. hxg4 hxg4 30. Nh4+ Kh6 31. Rxf7 Qc2 32. Rbb7 1-0

[Event "Monarch Assurance Isle of Man 12th"]
[Site "Port Erin IOM"]
[Date "2003.10.01"]
[Round "5.36"]
[White "Hughes, Howard"]
[Black "Lutton, E Josiah"]
[Result "1/2-1/2"]
[WhiteElo "2215"]
[BlackElo "2031"]
[PlyCount "89"]
[EventDate "2003.09.27"]
[EventType "swiss"]
[EventRounds "9"]
[EventCountry "IOM"]
[SourceTitle "BritBase"]
[SourceDate "2008.07.14"]
[SourceVersion "1"]
[SourceVersionDate "2008.07.14"]
[SourceQuality "2"]

1. e4 Nc6 2. Nc3 Nf6 3. f4 d5 4. e5 d4 5. exf6 dxc3 6. bxc3 exf6 7. Nf3 Bd6 8.
d4 O-O 9. Be2 Ne7 10. c4 Ng6 11. g3 Bh3 12. c5 Be7 13. Be3 Re8 14. Kf2 Bf8 15.
Re1 Ne7 16. Bf1 Bxf1 17. Kxf1 Nf5 18. Qd3 Qd5 19. Bf2 Rad8 20. c4 Rxe1+ 21.
Rxe1 Qxc5 22. d5 Qa3 23. Rd1 Qxd3+ 24. Rxd3 b6 25. a4 Nd6 26. Nd2 f5 27. a5 Ne4
28. Nb3 Nxf2 29. Kxf2 bxa5 30. Nxa5 Rb8 31. Nb3 g6 32. c5 Rb5 33. d6 cxd6 34.
c6 Rb8 35. Ke3 Rc8 36. Na5 Be7 37. Kd4 Bd8 38. Nb7 Bc7 39. Kd5 Re8 40. Rd2 Kf8
41. Ra2 Re1 42. Rxa7 Rd1+ 43. Kc4 Rc1+ 44. Kd5 Rd1+ 45. Kc4 1/2-1/2

[Event "Monarch Assurance Isle of Man 12th"]
[Site "Port Erin IOM"]
[Date "2003.10.01"]
[Round "5.37"]
[White "Kovachev, Daniel"]
[Black "Timmermans, Ivo"]
[Result "1/2-1/2"]
[WhiteElo "2066"]
[BlackElo "2213"]
[PlyCount "84"]
[EventDate "2003.09.27"]
[EventType "swiss"]
[EventRounds "9"]
[EventCountry "IOM"]
[SourceTitle "BritBase"]
[SourceDate "2008.07.14"]
[SourceVersion "1"]
[SourceVersionDate "2008.07.14"]
[SourceQuality "2"]

1. e4 e6 2. d4 d5 3. e5 c5 4. c3 Nc6 5. Nf3 Bd7 6. Bd3 Rc8 7. Be3 cxd4 8. Bxd4
Nge7 9. Na3 Nf5 10. Nc2 Be7 11. O-O O-O 12. Qe2 a6 13. a4 Nfxd4 14. Ncxd4 Nxd4
15. Nxd4 Qe8 16. a5 f5 17. f4 Bc5 18. Kh1 Rf7 19. Rac1 {(=)} Ba4 20. g4 g6 21.
gxf5 gxf5 22. Rg1+ Kh8 23. Qh5 Bxd4 24. cxd4 Rfc7 25. Qh6 Qf7 26. Rxc7 Rxc7 27.
Qg5 Qf8 28. h4 Rf7 29. Kh2 Rg7 30. Qxg7+ Qxg7 31. Rxg7 Kxg7 32. Kg3 {(=)} Kf8
33. Kf2 Ke7 34. Ke2 Kd7 35. Kd2 Kc6 36. Kc3 Bb5 37. Bc2 {(=)} Be2 38. b4 Bf1
39. Bd1 Kd7 40. Kd2 Ke7 41. Ke3 Bg2 42. Bc2 Bf1 1/2-1/2

[Event "Monarch Assurance Isle of Man 12th"]
[Site "Port Erin IOM"]
[Date "2003.10.01"]
[Round "5.38"]
[White "Young, Mel"]
[Black "Bentley, John"]
[Result "0-1"]
[WhiteElo "2005"]
[BlackElo "2211"]
[PlyCount "34"]
[EventDate "2003.09.27"]
[EventType "swiss"]
[EventRounds "9"]
[EventCountry "IOM"]
[SourceTitle "BritBase"]
[SourceDate "2008.07.14"]
[SourceVersion "1"]
[SourceVersionDate "2008.07.14"]
[SourceQuality "2"]

1. e4 c5 2. c3 a6 3. d4 cxd4 4. cxd4 d5 5. exd5 Nf6 6. Nc3 Nxd5 7. Bd3 Nc6 8.
Nge2 g6 9. Bg5 Bg7 10. Qb3 Be6 11. Nxd5 Bxd5 12. Qxb7 Ne5 13. Bb5+ axb5 14.
Qxb5+ Qd7 15. Nc3 Qxb5 16. Nxb5 Bxg2 17. dxe5 Bxh1 0-1

[Event "Monarch Assurance Isle of Man 12th"]
[Site "Port Erin IOM"]
[Date "2003.10.01"]
[Round "5.39"]
[White "Fossum, Oystein Boyum"]
[Black "Daly, Colm"]
[Result "1-0"]
[WhiteElo "2090"]
[BlackElo "2355"]
[PlyCount "77"]
[EventDate "2003.09.27"]
[EventType "swiss"]
[EventRounds "9"]
[EventCountry "IOM"]
[SourceTitle "BritBase"]
[SourceDate "2008.07.14"]
[SourceVersion "1"]
[SourceVersionDate "2008.07.14"]
[SourceQuality "2"]

1. e4 c5 2. Nc3 Nc6 3. Nge2 d6 4. d4 cxd4 5. Nxd4 e6 6. g3 Bd7 7. Bg2 a6 8. O-O
Nf6 9. Be3 Be7 10. f4 O-O 11. Nb3 Qc7 12. g4 Be8 13. g5 Nd7 14. Qg4 b5 15. Rf3
b4 16. Ne2 f5 17. exf5 exf5 18. Qg3 Nc5 19. Ned4 Nxd4 20. Nxd4 Rc8 21. Qe1 a5
22. Rh3 g6 23. a3 Rb8 24. axb4 axb4 25. Bd2 d5 26. Bxd5+ Bf7 27. Nc6 Rbe8 28.
Re3 Bd6 29. Rxe8 Bxd5 30. Ne7+ Bxe7 31. Qxe7 Qxe7 32. Rxe7 b3 33. cxb3 Nxb3 34.
Raa7 Rd8 35. Rg7+ Kf8 36. Bb4+ Ke8 37. Rae7+ Kf8 38. Ref7+ Ke8 39. Rf8# 1-0

[Event "Monarch Assurance Isle of Man 12th"]
[Site "Port Erin IOM"]
[Date "2003.10.01"]
[Round "5.40"]
[White "May, F WLS."]
[Black "Spanton, Tim"]
[Result "1-0"]
[WhiteElo "2153"]
[BlackElo "2021"]
[PlyCount "87"]
[EventDate "2003.09.27"]
[EventType "swiss"]
[EventRounds "9"]
[EventCountry "IOM"]
[SourceTitle "BritBase"]
[SourceDate "2008.07.14"]
[SourceVersion "1"]
[SourceVersionDate "2008.07.14"]
[SourceQuality "2"]

1. e4 c5 2. Nf3 g6 3. g3 Bg7 4. Bg2 Nc6 5. d3 Nf6 6. Nbd2 O-O 7. O-O d6 8. a4
Rb8 9. Nc4 a6 10. a5 Be6 11. Nfd2 d5 12. exd5 Bxd5 13. Nb3 Bxg2 14. Kxg2 Qd5+
15. Qf3 Qxf3+ 16. Kxf3 Nd4+ 17. Nxd4 cxd4 18. Bd2 Nd5 19. Ke2 Rfe8 20. Ra3 e5
21. Rb3 Re6 22. Ra1 f5 23. f3 Kf7 24. Kf2 Bf8 25. Re1 Bg7 26. c3 b5 27. axb6
Nxb6 28. cxd4 Nxc4 29. Rxb8 Nxd2 30. Rb7+ Kg8 31. Rc1 exd4 32. Rc8+ Bf8 33.
Rbb8 Rf6 34. Ke2 Nxf3 35. Kxf3 Kg7 36. Rb7+ Kg8 37. Rd8 g5 38. Rxd4 g4+ 39. Kf4
Bh6+ 40. Ke5 Rf8 41. Rdd7 f4 42. gxf4 Bxf4+ 43. Ke6 Re8+ 44. Kf5 1-0

[Event "Monarch Assurance Isle of Man 12th"]
[Site "Port Erin IOM"]
[Date "2003.10.01"]
[Round "5.41"]
[White "Gruettner, Ralf"]
[Black "Van Kemenade, Rudy"]
[Result "1-0"]
[WhiteElo "2073"]
[BlackElo "2140"]
[PlyCount "123"]
[EventDate "2003.09.27"]
[EventType "swiss"]
[EventRounds "9"]
[EventCountry "IOM"]
[SourceTitle "BritBase"]
[SourceDate "2008.07.14"]
[SourceVersion "1"]
[SourceVersionDate "2008.07.14"]
[SourceQuality "2"]

1. d4 Nf6 2. c4 e5 3. dxe5 Ng4 4. Nf3 Bc5 5. e3 Nc6 6. Be2 O-O 7. O-O Re8 8.
Nc3 a5 9. Ne4 Bf8 10. b3 Ncxe5 11. Nxe5 Nxe5 12. Ng3 Qh4 13. f4 Nc6 14. Bb2 d6
15. e4 Nd8 16. Qd2 Ne6 17. Nf5 Qd8 18. Qc3 f6 19. Ng3 Nc5 20. Bf3 c6 21. Rae1
Qb6 22. Kh1 Qb4 23. Qe3 d5 24. cxd5 cxd5 25. e5 fxe5 26. Bxd5+ Be6 27. Qxe5
Bxd5 28. Qxd5+ Kh8 29. Rxe8 Rxe8 30. Qf7 Qb5 31. a4 Qd7 32. Qxd7 Nxd7 33. h3
Re3 34. Rd1 Rxg3 35. Rxd7 Rxb3 36. Bxg7+ Bxg7 37. Rd8+ Bf8 38. Rxf8+ Kg7 39.
Rf5 b6 40. Kg1 Rb4 41. Kf1 Rxa4 42. g3 Rb4 43. Ke2 {(=)} a4 44. Rd5 a3 45. Rd7+
Kg6 46. Ra7 Rb3 47. g4 Rxh3 48. Kd2 b5 49. Kc2 b4 50. Ra6+ Kf7 51. Kb1 Rf3 52.
Ra7+ Ke6 53. f5+ Kd5 54. Rxh7 b3 55. Rh1 Rg3 56. Rf1 Kc4 57. f6 a2+ 58. Ka1
Rxg4 59. f7 Kc3 60. Rf3+ Kc2 61. Rf2+ Kc1 62. f8=Q 1-0

[Event "Monarch Assurance Isle of Man 12th"]
[Site "Port Erin IOM"]
[Date "2003.10.01"]
[Round "5.42"]
[White "Shepherd, Michael"]
[Black "Coathup, Roger"]
[Result "1/2-1/2"]
[WhiteElo "2037"]
[BlackElo "2134"]
[PlyCount "77"]
[EventDate "2003.09.27"]
[EventType "swiss"]
[EventRounds "9"]
[EventCountry "IOM"]
[SourceTitle "BritBase"]
[SourceDate "2008.07.14"]
[SourceVersion "1"]
[SourceVersionDate "2008.07.14"]
[SourceQuality "2"]

1. d4 Nf6 2. c4 g6 3. Nc3 Bg7 4. e4 d6 5. h3 O-O 6. Bg5 Na6 7. Bd3 h6 8. Be3 e5
9. d5 Nc5 10. Bc2 a5 11. g4 Ne8 12. Nge2 f5 13. gxf5 gxf5 14. exf5 Bxf5 15.
Bxf5 Rxf5 16. Ng3 Rf7 17. Qd2 Qh4 18. O-O-O Qxc4 19. Qc2 a4 20. Bxc5 Qxc5 21.
Nf5 Qc4 22. Nxg7 Nxg7 23. Rhg1 Qf4+ 24. Kb1 a3 25. Ne4 axb2 26. Rg4 Qf5 27.
Rdg1 Ra3 28. Rg6 Rxh3 29. Nf6+ Kf8 30. Nh7+ Ke8 31. Rxg7 Qxc2+ 32. Kxc2 Rxf2+
33. Kb1 Rf7 34. Rg8+ Ke7 35. Rc8 Kd7 36. Rh8 Rd3 37. Nf6+ Ke7 38. Ng8+ Kd7 39.
Nf6+ 1/2-1/2

[Event "Monarch Assurance Isle of Man 12th"]
[Site "Port Erin IOM"]
[Date "2003.10.01"]
[Round "5.43"]
[White "Goodger, Martyn"]
[Black "Loughran, John"]
[Result "1-0"]
[WhiteElo "2114"]
[BlackElo "1830"]
[PlyCount "57"]
[EventDate "2003.09.27"]
[EventType "swiss"]
[EventRounds "9"]
[EventCountry "IOM"]
[SourceTitle "BritBase"]
[SourceDate "2008.07.14"]
[SourceVersion "1"]
[SourceVersionDate "2008.07.14"]
[SourceQuality "2"]

1. e4 c5 2. Nf3 e6 3. c3 d5 4. e5 Nc6 5. d4 Qb6 6. Be2 cxd4 7. cxd4 Nh6 8. b3
Bb4+ 9. Kf1 Nf5 10. Bb2 Bd7 11. Nc3 Rc8 12. Na4 Qd8 13. Rc1 O-O 14. h4 Be7 15.
Bd3 Nb4 16. Bb1 Bb5+ 17. Kg1 Bxa4 18. Rxc8 Qxc8 19. bxa4 Qc7 20. a3 Nc6 21. g4
Nh6 22. Qd3 g6 23. h5 Nxg4 24. hxg6 hxg6 25. Nh4 Bxh4 26. Rxh4 f5 27. exf6 Nxf6
28. Qh3 Kf7 29. Rh7+ 1-0

[Event "Monarch Assurance Isle of Man 12th"]
[Site "Port Erin IOM"]
[Date "2003.10.01"]
[Round "5.44"]
[White "Moes, Waldemar"]
[Black "Tagnon, Nicole"]
[Result "1-0"]
[WhiteElo "2027"]
[BlackElo "2071"]
[PlyCount "71"]
[EventDate "2003.09.27"]
[EventType "swiss"]
[EventRounds "9"]
[EventCountry "IOM"]
[SourceTitle "BritBase"]
[SourceDate "2008.07.14"]
[SourceVersion "1"]
[SourceVersionDate "2008.07.14"]
[SourceQuality "2"]

1. e4 c5 2. Nf3 e6 3. d4 cxd4 4. Nxd4 a6 5. Bd3 Nf6 6. Nc3 Qc7 7. O-O b5 8. a3
Bb7 9. Kh1 d6 10. f4 Nbd7 11. f5 e5 12. Nde2 Nb6 13. Bg5 Nc4 14. b3 Nxa3 15.
Bxf6 gxf6 16. Rxa3 b4 17. Ra4 bxc3 18. Qa1 d5 19. exd5 Bxd5 20. Nxc3 Bc6 21.
Be4 Bxe4 22. Nxe4 Qb6 23. Rc4 Be7 24. Qa4+ Kf8 25. Rc6 Qb5 26. c4 Qb7 27. Nxf6
Bxf6 28. Rxf6 Rg8 29. Qc6 Rb8 30. Qxb7 Rxb7 31. Rf3 a5 32. Ra6 Rd7 33. h3 Rd1+
34. Kh2 Rd2 35. Ra8+ Kg7 36. Rg3+ 1-0

[Event "Monarch Assurance Isle of Man 12th"]
[Site "Port Erin IOM"]
[Date "2003.10.01"]
[Round "5.45"]
[White "De Lange, Hans JG"]
[Black "Murtagh, Dermot"]
[Result "0-1"]
[WhiteElo "1741"]
[BlackElo "1798"]
[PlyCount "90"]
[EventDate "2003.09.27"]
[EventType "swiss"]
[EventRounds "9"]
[EventCountry "IOM"]
[SourceTitle "BritBase"]
[SourceDate "2008.07.14"]
[SourceVersion "1"]
[SourceVersionDate "2008.07.14"]
[SourceQuality "2"]

1. e4 c5 2. Nc3 Nc6 3. g3 g6 4. Bg2 Bg7 5. d3 d6 6. f4 e5 7. Nh3 Nge7 8. O-O
O-O 9. f5 gxf5 10. exf5 Bxf5 11. Rxf5 Nxf5 12. Qh5 Nfe7 13. Bh6 f6 14. Bxg7
Kxg7 15. Be4 Ng6 16. Nd5 Nce7 17. Ne3 d5 18. Nf5+ Nxf5 19. Bxf5 Qe8 20. Nf2 Qf7
21. Ng4 Kh8 22. Qh3 Ne7 23. Nh6 Qg7 24. Be6 Rad8 25. c4 dxc4 26. dxc4 f5 27.
Qh5 Qg6 28. Nf7+ Kg7 29. Qxg6+ hxg6 30. Nxe5 Rf6 31. Bd7 Rd6 32. Ba4 Rd2 33.
Rb1 Kf6 34. Nf3 Re2 35. Kf1 Re4 36. h4 Nc6 37. Ng5 Re7 38. Bd1 Red7 39. Bf3 Ne5
40. Bd5 b5 41. b3 Re8 42. Kg2 Ng4 43. Bc6 Rd2+ 44. Kg1 Re3 45. cxb5 Rxg3+ 0-1

[Event "Monarch Assurance Isle of Man 12th"]
[Site "Port Erin IOM"]
[Date "2003.10.01"]
[Round "5.46"]
[White "Brekke, Jorunn M"]
[Black "Ormsby, Alan"]
[Result "1/2-1/2"]
[WhiteElo "1527"]
[BlackElo "1792"]
[PlyCount "86"]
[EventDate "2003.09.27"]
[EventType "swiss"]
[EventRounds "9"]
[EventCountry "IOM"]
[SourceTitle "BritBase"]
[SourceDate "2008.07.14"]
[SourceVersion "1"]
[SourceVersionDate "2008.07.14"]
[SourceQuality "2"]

1. d4 d5 2. c4 c6 3. Nc3 Nf6 4. Bg5 e6 5. e3 Be7 6. Nf3 O-O 7. Bd3 Nbd7 8. O-O
h6 9. Bh4 Re8 10. Qe2 dxc4 11. Bxc4 b5 12. Bd3 Bb7 13. Bg3 a6 14. Rac1 Qb6 15.
Bb1 Rac8 16. e4 c5 17. e5 Nd5 18. Qd3 Nf8 19. dxc5 Bxc5 20. Ne4 Be7 21. a3 Red8
22. Qe2 a5 23. Nfd2 Ng6 24. Qg4 Rxc1 25. Rxc1 Qd4 26. b4 a4 27. Rc2 Nxe5 28.
Nf6+ Nxf6 29. Qxd4 Rxd4 30. Bxe5 Rd7 31. Kf1 Kf8 32. f3 Nd5 33. Ke2 f6 34. Bg3
f5 35. Bf2 Rc7 36. Rxc7 Nxc7 37. Bd3 Bc6 38. g3 Nd5 39. f4 Bd6 40. Nf3 Nc3+ 41.
Ke3 Nd5+ 42. Ke2 Nc3+ 43. Ke3 Nd5+ 1/2-1/2

[Event "Monarch Assurance Isle of Man 12th"]
[Site "Port Erin IOM"]
[Date "2003.10.02"]
[Round "6.1"]
[White "Iordachescu, Viorel"]
[Black "Agdestein, Simen"]
[Result "1/2-1/2"]
[WhiteElo "2606"]
[BlackElo "2571"]
[PlyCount "64"]
[EventDate "2003.09.27"]
[EventType "swiss"]
[EventRounds "9"]
[EventCountry "IOM"]
[SourceTitle "BritBase"]
[SourceDate "2008.07.14"]
[SourceVersion "1"]
[SourceVersionDate "2008.07.14"]
[SourceQuality "2"]

1. e4 e6 2. d4 d5 3. Nc3 Bb4 4. e5 c5 5. a3 Bxc3+ 6. bxc3 Qa5 7. Bd2 Qa4 8. h4
b6 9. h5 Ba6 10. Qg4 Kf8 11. Bxa6 Nxa6 12. Rc1 h6 13. Ne2 Ne7 14. Rh3 Nc7 15.
Rf3 Kg8 16. Qh4 Qd7 17. g4 Rf8 18. Kf1 Ne8 19. Kg2 f6 20. exf6 Nxf6 21. Ng3 Ne4
22. Rxf8+ Kxf8 23. Nxe4 dxe4 24. Re1 Qd5 25. Kg1 cxd4 26. Qg3 e5 27. c4 Qe6 28.
Bb4 Kf7 29. Bxe7 Qxe7 30. Rxe4 Re8 31. Kg2 Kg8 32. Qf3 a5 1/2-1/2

[Event "Monarch Assurance Isle of Man 12th"]
[Site "Port Erin IOM"]
[Date "2003.10.02"]
[Round "6.4"]
[White "Kuzmin, Alexey"]
[Black "Barsov, Alexei"]
[Result "1/2-1/2"]
[WhiteElo "2583"]
[BlackElo "2526"]
[PlyCount "34"]
[EventDate "2003.09.27"]
[EventType "swiss"]
[EventRounds "9"]
[EventCountry "IOM"]
[SourceTitle "BritBase"]
[SourceDate "2008.07.14"]
[SourceVersion "1"]
[SourceVersionDate "2008.07.14"]
[SourceQuality "2"]

1. d4 Nf6 2. c4 e6 3. Nf3 d5 4. Nc3 Be7 5. Bg5 h6 6. Bh4 O-O 7. e3 b6 8. Be2
dxc4 9. Bxc4 Bb7 10. Bg3 a6 11. a4 Nbd7 12. O-O c5 13. d5 exd5 14. Bxd5 Nxd5
15. Nxd5 Bxd5 16. Qxd5 Re8 17. e4 Nf6 1/2-1/2